Tendencias metodológicas en Ciencias Sociales = Metodological trends in Social Sciences /

Se presenta una introducción a la edición de la revista dedicado a las tendencias metodológicas que se pueden encontrar dentro del área de las Ciencias Sociales. Se realiza un pequeño análisis histórico de los principales acontecimientos relacionados con la evolución del método

保存先:
書誌詳細
第一著者: Camacho Monge, Daniel
フォーマット: テキスト
主題:
タグ: タグ追加
タグなし, このレコードへの初めてのタグを付けませんか!

MARC

LEADER 00000 a a2200000 04500
001 44399
003
040
100 |a Camacho Monge, Daniel  
245 |a Tendencias metodológicas en Ciencias Sociales =   |b Metodological trends in Social Sciences /  |c Daniel Camacho Monge  
520 |a Se presenta una introducción a la edición de la revista dedicado a las tendencias metodológicas que se pueden encontrar dentro del área de las Ciencias Sociales. Se realiza un pequeño análisis histórico de los principales acontecimientos relacionados con la evolución del método  
590 |a KSR/MARZO2013  
650 |a 1   |a .METODOLOGIA   |a 2.METODOS DE INVESTIGACION   |a 3.CIENCIA   |a 4.INVESTIGACION   |a 5.CIENCIAS SOCIALES   |a   
773 |g número133 ( , 2011), páginas 9-11  
999 |c 36346  |d 36346